000 00352nam a2200145Ia 4500
008 230312s9999||||xx |||||||||||||| ||und||
020 _a9781584506997
082 _a363.259
_bBRO-C
100 _aWilken,Jeremy
245 0 _aAngular in action
260 _bCengage
_aCanada
_c2010
300 _a518
650 _aComputer
_vElectronic Book
942 _cBK
999 _c17725
_d17725